=LDR 00000nam 2200000 4500 =001 INLIS000000000014240 =005 20130612105523 =008 ***********************************nd** =035 ##$$0010-061300000014240 =041 ##$$a nd =082 ##$$a R. 344.02 =090 ##$$a R. 344.02, Jum h =100 ##$$a Jumialdji, F. X =245 ##$$a Himpunan peraturan perundangan ketenagakerjaan bidang jaminan sosial , F.X. Djumialdji, S. H =260 ##$$a 1993 $b bandung =300 ##$$a XV111, 618 hlm, 21 cm =650 ##$$a Sosial =650 ##$$a Perundang - undangan =850 ##$$a NBPNMAT